|
|
|
|
| LEADER |
00000nam a22000007a 4500 |
| 008 |
201210b ||||| |||| 00| 0 eng d |
| 020 |
|
|
|a 978-1-4665-9823-2
|
| 100 |
|
|
|a AFOAKWA, Emmanuel Ohene
|
| 245 |
|
|
|a Cocoa production and processing technology
|c Emmanuel Ohene Afoakwa
|g xxiv, 350p.; ill
|
| 260 |
|
|
|b CRC Press
|c 2014
|h Boca Raton, FL
|i 689884
|l TP640 .Af6
|m Cocoa processing – Technological innovations
|m Cocoa trade
|
| 500 |
|
|
|a It includes index and references
|
| 942 |
|
|
|a lcc
|c BK
|e Kuteyi M. A.
|f 10/12/2020
|
| 952 |
|
|
|0 0
|1 0
|2 lcc
|4 0
|6 TP0640 A F6
|7 0
|9 291
|a HOL
|b HOL
|c QZ
|d 2020-12-10
|l 0
|o TP640 .Af6
|p 2020-2028
|r 2020-12-10 00:00:00
|w 2020-12-10
|y BK
|
| 999 |
|
|
|c 127
|d 127
|